[Event "FIDE WCh Women KO"]
[Site "Moscow RUS"]
[Date "2001.12.02"]
[Round "3.2"]
[White "Xu Yuhua"]
[Black "Baginskaite,C"]
[Result "0-1"]
[WhiteElo "2485"]
[BlackElo "2336"]

1.e4 c5 2.Nf3 d6 3.Bb5+ Nc6 4.O-O Bd7 5.Re1 Nf6 6.h3 g6 7.c3 Qb6 8.Na3 Bg7
9.d4 cxd4 10.cxd4 O-O 11.d5 Ne5 12.Nxe5 Bxb5 13.Qb3 Ba6 14.Qxb6 axb6 15.Nec4 Nd7
16.Rb1 b5 17.Ne3 b4 18.Nac4 Rfc8 19.b3 Bxc4 20.bxc4 Rxa2 21.Rf1 Bc3 22.Nd1 Rxc4
23.Nxc3 bxc3 24.Rxb7 Nc5 25.Rxe7 Rxe4 26.Rc7 Kg7 27.Be3 c2 28.Rc1 Rc4 29.Kf1 Kf6
30.Ke2 Rb2 31.Bxc5 Rxc5 32.Rxc5 dxc5 33.Kd3 Ke5 34.Kc3 Rb4 35.Rxc2 Kxd5 36.Ra2 Rc4+
37.Kd3 Rd4+ 38.Kc3 Kc6 39.Ra6+ Kd7 40.g3 Rd6 41.Ra7+ Ke6 42.Rc7 Rd5 43.h4 h5
44.Kc4 Rd2 45.Rxc5 Rxf2 46.Kd4 Rf3 47.Rg5 Rf5 48.Ke4 Rxg5 49.hxg5 f6 50.Kf4 f5
51.Ke3 Ke5 52.Kf3 f4 53.gxf4+ Kf5 54.Ke3 Kg4 55.Ke4 h4 56.Ke5 h3 57.f5 h2
58.f6 h1=Q  0-1

[Event "FIDE WCh Women KO"]
[Site "Moscow RUS"]
[Date "2001.12.02"]
[Round "3.3"]
[White "Xu Yuhua"]
[Black "Baginskaite,C"]
[Result "1-0"]
[WhiteElo "2485"]
[BlackElo "2336"]

1.e4 c5 2.Nf3 d6 3.Bb5+ Nc6 4.O-O Bd7 5.Re1 Nf6 6.c3 a6 7.Bf1 Bg4 8.d3 e6
9.Nbd2 Be7 10.h3 Bh5 11.g4 Bg6 12.Nh4 d5 13.f4 Nd7 14.Ng2 dxe4 15.dxe4 h5
16.f5 exf5 17.gxf5 Bh7 18.Qxh5 Nce5 19.Nc4 Nf6 20.Qe2 Nfd7 21.Bf4 Nxc4 22.Qxc4 g6
23.Rad1 gxf5 24.exf5 Bxf5 25.Bg5 Be6 26.Rxe6 fxe6 27.Qxe6 c4 28.Qg6+ Kf8
29.Bh6+ Rxh6 30.Qxh6+ Kf7 31.Bxc4+  1-0

[Event "FIDE WCh KO"]
[Site "Moscow RUS"]
[Date "2001.12.02"]
[Round "3.4"]
[White "Adams,Mi"]
[Black "Zvjaginsev,V"]
[Result "1-0"]
[WhiteElo "2731"]
[BlackElo "2640"]

1.e4 c5 2.Nf3 d6 3.Bb5+ Nd7 4.d4 Nf6 5.Nc3 a6 6.Bxd7+ Nxd7 7.O-O e6 8.dxc5 Nxc5
9.Bg5 Qc7 10.a4 b6 11.Re1 f6 12.Be3 Be7 13.Nd4 O-O 14.Qh5 Bd7 15.f4 Qb7 16.b4 Nxe4
17.Nxe4 Qxe4 18.Bf2 Qb7 19.Nxe6 Rf7 20.c3 Rc8 21.Bd4 g6 22.Qh3 Qd5 23.f5 Qxf5
24.Qxf5 gxf5 25.Nf4 Bc6 26.Bxb6 Be4 27.Bd4 d5 28.Nh5 Bd8 29.Ra2 Kf8 30.Rd1 Ke7
31.Bc5+ Kd7 32.Nf4 Kc6 33.Rad2 Rd7 34.c4  1-0

[Event "ch-ROM"]
[Site "Targoviste ROM"]
[Date "2001.12.02"]
[Round "8"]
[White "Itkis,B"]
[Black "Lupulescu,C"]
[Result "1-0"]
[WhiteElo "2472"]
[BlackElo "2467"]

1.e4 c5 2.Nf3 d6 3.Bb5+ Nd7 4.O-O Nf6 5.Re1 a6 6.Bf1 b5 7.a4 b4 8.d4 cxd4
9.Qxd4 e6 10.Bg5 Qb6 11.Nbd2 Bb7 12.Qxb6 Nxb6 13.a5 Nbd7 14.Nd4 h6 15.Bh4 g5
16.Bg3 Nh5 17.Ra4 Nxg3 18.hxg3 d5 19.exd5 Bxd5 20.Bc4 Bxc4 21.Nxc4 Nc5 22.Raa1 Nd7
23.Rad1 Rc8 24.Nb6 Nxb6 25.axb6 Be7 26.Ra1 Bc5 27.b7 Rb8 28.Nb3 Bb6 29.Rxa6 Rxb7
30.Ra8+ Bd8 31.Rd1 Rd7 32.Rxd7 Kxd7 33.Rb8 Bf6 34.Rxb4 Bxb2 35.Nc5+ Kc6 36.Nxe6 Bf6
37.Nd4+ Kc5 38.c3 Kd5 39.Rb7 Bxd4 40.Rd7+ Kc4 41.cxd4 f5 42.Rf7 Kxd4 43.Rxf5 Ke4
44.g4 Ra8 45.Rf6 Rh8 46.f3+ Ke5 47.Rg6 Rh7 48.Kf2 Rh8 49.Ke3 Rh7 50.g3 Ra7
51.f4+ Kd5 52.fxg5 hxg5 53.Rxg5+ Ke6 54.Rf5 Ra4 55.Kf3 Rb4 56.Rf8 Ke7 57.Rf4 Rb3+
58.Kg2 Rb8 59.g5 Rb5 60.Kh3 Rxg5 61.Kh4 Rg8 62.g4 Ke6 63.g5 Rh8+ 64.Kg4 Ke7
65.g6 Rf8 66.Rf5 Rg8 67.Kg5  1-0

[Event "FSIMB December"]
[Site "Budapest HUN"]
[Date "2001.12.06"]
[Round "6"]
[White "Ashok,K"]
[Black "Tian Tian"]
[Result "0-1"]
[WhiteElo "2199"]
[BlackElo "2355"]

1.e4 c5 2.Nf3 d6 3.Bb5+ Nd7 4.O-O a6 5.Bxd7+ Bxd7 6.d4 e6 7.c4 Ne7 8.Nc3 Ng6
9.d5 Be7 10.e5 Nxe5 11.Nxe5 dxe5 12.d6 Bf6 13.Ne4 b6 14.f4 O-O 15.Qh5 exf4
16.Rxf4 Bd4+ 17.Kh1 g6 18.Qh3 f5 19.Ng5 Qxg5 20.Rxd4 Qf6 21.Rh4 Rf7 22.Bd2 e5
23.Qf3 Re8 24.Rh6 f4 25.Bc3 Qg5 26.Rh3 e4 27.Qd1  0-1

[Event "Friendship IM"]
[Site "Prerove CZE"]
[Date "2001.12.08"]
[Round "5"]
[White "Novosak,J"]
[Black "Wojtaszek,R"]
[Result "0-1"]
[WhiteElo "2296"]
[BlackElo "2285"]

1.e4 c5 2.Nf3 d6 3.Bb5+ Bd7 4.Bxd7+ Qxd7 5.c4 Nf6 6.Nc3 Nc6 7.O-O Nd4 8.d3 Nxf3+
9.Qxf3 g6 10.h3 Bg7 11.Be3 Rc8 12.Qe2 O-O 13.f4 Ne8 14.f5 Nc7 15.Rf2 b5 16.Raf1 bxc4
17.dxc4 Rb8 18.Qg4 Rb4 19.e5 Bxe5 20.Ne4 Rxc4 21.Nf6+ Bxf6 22.Qxc4 Qb5 23.Qe4 d5
24.Qg4 d4 25.Bh6 Rd8 26.h4 Nd5 27.h5 Ne3 28.Bxe3 dxe3 29.Re2 Rd2 30.Rfe1 Rxe2
31.Rxe2 Qd7 32.Kh2 Bd4 33.hxg6 hxg6 34.b4 cxb4 35.Rc2 Qxf5 36.Rc8+ Kh7 37.Qh4+ Qh5
38.Qxh5+ gxh5 39.Rc4 e2  0-1

[Event "Open"]
[Site "Rijeka CRO"]
[Date "2001.12.08"]
[Round "8"]
[White "Fercec,N"]
[Black "Kutuzovic,B"]
[Result "1-0"]
[WhiteElo "2458"]
[BlackElo "2405"]

1.e4 c5 2.Nf3 d6 3.Bb5+ Bd7 4.Bxd7+ Nxd7 5.O-O Ngf6 6.Re1 e6 7.c4 Be7 8.Nc3 Rc8
9.d3 O-O 10.Rb1 a6 11.h3 Ne8 12.b3 Bf6 13.Ne2 b5 14.Ng3 Bc3 15.Rf1 Ne5 16.Nh2 Nc6
17.Ne2 Bf6 18.Ng4 d5 19.Be3 d4 20.Nxf6+ Qxf6 21.Bd2 Qe7 22.f4 f6 23.Qc2 b4
24.Rf3 Nd6 25.Rbf1 a5 26.Be1 Qa7 27.Bg3 Nf7 28.f5 e5 29.Bh4 Nd6 30.g4 h6
31.Ng3 Kf7 32.Nh5 Ke8 33.Be1 Qf7 34.h4 Kd7 35.Ng3 Qe7 36.Bd2 Nf7 37.Nh5 Rg8
38.Rg3 Kc7 39.Rf2 Kb6 40.Qc1 Ra8 41.g5 hxg5 42.hxg5 Nd6 43.Rfg2 Rh8 44.gxf6 gxf6
45.Rg7 Nf7 46.Qd1 Rad8 47.R2g6 Rd6 48.Nxf6 Rxf6 49.Bg5 Rxg6 50.Rxg6 Qd6 51.Rxd6 Nxd6  1-0

[Event "FSGMB December"]
[Site "Budapest HUN"]
[Date "2001.12.09"]
[Round "9"]
[White "Pierrot,F"]
[Black "Szeberenyi,A"]
[Result "0-1"]
[WhiteElo "2427"]
[BlackElo "2365"]

1.e4 c5 2.Nf3 d6 3.Bb5+ Bd7 4.Bxd7+ Qxd7 5.O-O Nc6 6.b3 Nf6 7.Re1 g6 8.Bb2 Bg7
9.d4 cxd4 10.Nxd4 O-O 11.c4 a6 12.Nc3 e6 13.Rc1 Rfd8 14.Nf3 Ng4 15.Qd2 Bh6
16.Qc2 Bxc1 17.Qxc1 Nge5 18.Qh6 f6 19.Rd1 Qc7 20.Ne1 Rd7 21.Qh3 Re8 22.f4 Qb6+
23.Kf1 Nxc4 24.Bc1 N4a5 25.f5 exf5 26.exf5 Rde7 27.Nf3 Ne5 28.Nd4 Rf7 29.Nd5 Qc5
30.Nf4 Nac6 31.Nfe6 Qd5 32.Nf4 Qe4 33.fxg6 hxg6 34.Nde2 g5 35.Nc3 Qh7 36.Nh5 Ne7
37.Rxd6 Ref8 38.Rd4 Qf5+ 39.Qxf5 Nxf5 40.Rd5 Rc8  0-1

[Event "XIV Carlos Torre"]
[Site "Merida MEX"]
[Date "2001.12.16"]
[Round "3"]
[White "Estrada Nieto,J"]
[Black "Alford,J"]
[Result "1-0"]
[WhiteElo "2373"]
[BlackElo "2110"]

1.e4 c5 2.Nf3 d6 3.Bb5+ Bd7 4.Bxd7+ Qxd7 5.O-O Nc6 6.c4 Nf6 7.Nc3 g6 8.d4 cxd4
9.Nxd4 Bg7 10.Nde2 O-O 11.f3 Rac8 12.b3 Rfd8 13.Bg5 h6 14.Bh4 g5 15.Bf2 e6
16.Qd2 d5 17.cxd5 exd5 18.Rad1 dxe4 19.Qxd7 Rxd7 20.Rxd7 Nxd7 21.Nxe4 Nb4
22.Rd1 Ne5 23.Rd2 b6 24.h4 g4 25.f4 Ned3 26.a3 Nxf2 27.Nxf2 Nc2 28.Nxg4 Nxa3
29.Rd7 Nb5 30.Ng3 Rc7 31.Rd8+ Kh7 32.f5 Nd4 33.f6 Ne6 34.fxg7 Nxd8 35.Nf6+ Kxg7
36.Ne8+ Kf8 37.Nxc7 Ke7 38.Nb5 a6 39.Nc7 a5 40.Nd5+  1-0

[Event "Rudenko mem w"]
[Site "St Petersburg RUS"]
[Date "2001.12.16"]
[Round "9"]
[White "Kulish,I"]
[Black "Eidelson,R"]
[Result "1-0"]
[WhiteElo "2326"]
[BlackElo "2282"]

1.e4 c5 2.Nf3 d6 3.Bb5+ Bd7 4.Bxd7+ Qxd7 5.O-O Nc6 6.c4 Ne5 7.d3 e6 8.Nc3 Nf6
9.a3 Be7 10.b4 O-O 11.Rb1 Rab8 12.bxc5 Nxf3+ 13.Qxf3 dxc5 14.Bf4 b6 15.Bxb8 Rxb8
16.e5 Ne8 17.Qe4 f5 18.Qe3 Rd8 19.Rfd1 g5 20.a4 Ng7 21.h3 Nh5 22.a5 bxa5
23.Qf3 Qe8 24.Rb7 Bf8 25.Rxa7 Qg6 26.Ra8 g4 27.hxg4 fxg4 28.Qc6 Rxa8 29.Qxa8 g3
30.Ne4 gxf2+ 31.Nxf2 Ng3 32.Qf3 Bg7 33.Ng4 Nf5 34.Qa8+ Bf8 35.Nf6+ Kg7 36.Nd7 Be7
37.Nf6 Bxf6 38.exf6+ Qxf6 39.Qa7+ Qe7 40.Qxe7+ Nxe7 41.Rb1 Nc6 42.Rb5 Nb4
43.Rxc5 Nxd3 44.Rxa5 Kf6 45.Kf1 e5 46.Ke2 Nb2 47.Ra6+ Ke7 48.c5 Kd7 49.Ke3 h5
50.Ke4 Nc4 51.Rg6  1-0

[Event "Christmas Open"]
[Site "Zadar CRO"]
[Date "2001.12.17"]
[Round "3"]
[White "Djingarova,E"]
[Black "Feletar,D"]
[Result "1/2-1/2"]
[WhiteElo "2256"]
[BlackElo "2472"]

1.e4 c5 2.Nf3 d6 3.Bb5+ Nd7 4.d4 Nf6 5.O-O Nxe4 6.Qe2 Nf6 7.dxc5 e6 8.Rd1 Qc7
9.Bg5 Qxc5 10.Nc3 Be7 11.Bxf6 gxf6 12.Nd5 a6 13.b4 Qa7 14.Nd4 axb5 15.Nxb5 Qb8
16.Ndc7+ Kf8 17.Nxa8 Qxa8 18.Nxd6 Bxd6 19.Rxd6 Ke7 20.Rd2 Rg8 21.Rad1 Qxa2
22.Qb5 Rd8 23.Qd3 h5 24.Qd6+ Ke8 25.b5 e5 26.Qb4 b6 27.c4 Qa7 28.Qd6 Bb7
29.Qc7 Qb8 30.Qxb8 Rxb8 31.Rxd7 Be4 32.f3 Bf5 33.Rc7 Be6 34.Rd6 h4 35.Rd2 Ra8
36.Rc6 Ra4 37.Rc2 f5 38.c5 bxc5 39.R6xc5 e4 40.fxe4 fxe4 41.Kf2 Rb4 42.Re5 Kd7
43.Rec5 Rb3 44.R2c3 Rb2+ 45.Rc2 Rb3 46.R2c3 Rb2+ 47.Rc2 Rb3  1/2-1/2

[Event "Christmas Open"]
[Site "Zadar CRO"]
[Date "2001.12.18"]
[Round "4"]
[White "Levacic,P"]
[Black "Cvitan,O"]
[Result "1/2-1/2"]
[WhiteElo "2329"]
[BlackElo "2550"]

1.e4 c5 2.Nf3 d6 3.Bb5+ Bd7 4.Bxd7+ Qxd7 5.c4 Nc6 6.Nc3 g6 7.d4 cxd4 8.Nxd4 Bg7
9.Nde2 Nf6 10.f3 O-O 11.O-O Rfc8 12.Rb1 a6 13.a4 Qd8  1/2-1/2

[Event "Christmas Open"]
[Site "Zadar CRO"]
[Date "2001.12.19"]
[Round "5"]
[White "Djingarova,E"]
[Black "Fercec,N"]
[Result "0-1"]
[WhiteElo "2256"]
[BlackElo "2458"]

1.e4 c5 2.Nf3 d6 3.Bb5+ Nc6 4.O-O Bd7 5.d4 cxd4 6.Nxd4 Nf6 7.Re1 g6 8.Nxc6 bxc6
9.Bf1 Bg7 10.c4 O-O 11.Nc3 Rb8 12.Rb1 Ng4 13.Bg5 Qa5 14.Qc1 Bxc3 15.Rd1 Rxb2
16.Bxe7 Rxb1 17.Qxb1 Qc5 18.Bxd6 Qxf2+ 19.Kh1 Bd4  0-1

[Event "Christmas Open"]
[Site "Zadar CRO"]
[Date "2001.12.21"]
[Round "7"]
[White "Djingarova,E"]
[Black "Brkic,A"]
[Result "1-0"]
[WhiteElo "2256"]
[BlackElo "2330"]

1.e4 c5 2.Nf3 d6 3.Bb5+ Nc6 4.Bxc6+ bxc6 5.O-O e5 6.c3 Bg4 7.h3 Bh5 8.Re1 Nf6
9.d3 Be7 10.Nbd2 O-O 11.Nf1 Re8 12.Ng3 Bg6 13.Qa4 Qc7 14.d4 cxd4 15.cxd4 exd4
16.Nxd4 c5 17.Ndf5 d5 18.exd5 Nxd5 19.Bd2 Nb6 20.Qb5 f6 21.Bf4 Qxf4 22.Nxe7+ Kf7
23.Qxc5 Bd3 24.Nd5 Qc4 25.Re7+ Kg8 26.Qe3 Rxe7 27.Nxe7+ Kf7 28.Nef5 Bxf5
29.Nxf5 Qe6 30.Qxe6+ Kxe6 31.Nxg7+ Ke5 32.Re1+ Kd4 33.Rd1+ Ke5 34.Nh5 Rc8
35.Re1+ Kd4 36.Nxf6 Rc2 37.Re4+ Kc5 38.Re7  1-0

[Event "It"]
[Site "Lvov UKR"]
[Date "2001.12.22"]
[Round "5"]
[White "Volokitin,A"]
[Black "Efimenko,Z"]
[Result "1/2-1/2"]
[WhiteElo "2566"]
[BlackElo "2523"]

1.e4 c5 2.Nf3 d6 3.Bb5+ Bd7 4.Bxd7+ Qxd7 5.O-O Nc6 6.c3 Nf6 7.d4 cxd4 8.cxd4 d5
9.e5 Ng8 10.Nc3 e6 11.Ne2 Nge7 12.Nf4 h5 13.Be3 Nf5 14.Ng5 g6 15.Nf3 Be7
16.Nd3 Nb4 17.Nxb4 Bxb4 18.g3 O-O 19.h3 Nxe3 20.fxe3 Kg7 21.g4 hxg4 22.Ng5 Be7
23.Qxg4 Bxg5 24.Qxg5 Rac8 25.Rf6 Rh8 26.Raf1 Rc7 27.R6f3  1/2-1/2

[Event "ch-BRA"]
[Site "Sao Paolo BRA"]
[Date "2001.12.22"]
[Round "7"]
[White "Tsuboi,E"]
[Black "Leitao,R"]
[Result "1/2-1/2"]
[WhiteElo "2341"]
[BlackElo "2581"]

1.e4 c5 2.Nf3 d6 3.Bb5+ Nc6 4.O-O Bd7 5.Re1 Nf6 6.h3 g6 7.c3 Bg7 8.d4 O-O
9.a4 cxd4 10.cxd4 d5 11.e5 Ne4 12.Nc3 Nxc3 13.bxc3 Na5 14.Bd3 Rc8 15.Ra3 Nc4
16.Bxc4 Rxc4 17.Nd2 Rc7 18.Qf3 Be6 19.Nb3 b6 20.a5 Qd7 21.axb6 axb6 22.Bd2 Bf5
23.Rea1 f6 24.exf6 exf6 25.Bf4 Rb7 26.Ra8 Qb5 27.Bd6 Rxa8 28.Rxa8+ Kf7 29.Bb4 Qd7
30.Nc1 Bh6 31.Ne2 Qe6 32.Nf4 Qe1+ 33.Kh2 Qe4 34.Nxd5 Rd7 35.Qxe4 Bxe4 36.Nxb6 Rb7
37.Nc4 Bf4+ 38.g3 Rc7 39.Rf8+ Kg7 40.Nb6 Bd2 41.Re8 Bf3 42.Re7+ Rxe7 43.Bxe7 Bxc3
44.Bc5 Kf7 45.g4 Ba5 46.Kg3 Bc6 47.Nc4 Bc7+ 48.Bd6 Bd5 49.Bxc7  1/2-1/2

[Event "10th Open"]
[Site "Aschach AUT"]
[Date "2001.12.26"]
[Round "1"]
[White "Fercec,N"]
[Black "Paul,E"]
[Result "1-0"]
[WhiteElo "2458"]
[BlackElo "2124"]

1.e4 c5 2.Nf3 d6 3.Bb5+ Bd7 4.Bxd7+ Qxd7 5.c4 g6 6.O-O Bg7 7.d4 cxd4 8.Nxd4 Nc6
9.Be3 Nf6 10.f3 O-O 11.Nc3 Nxd4 12.Bxd4 Rfd8 13.Qd2 Ne8 14.Rac1 Bxd4+ 15.Qxd4 Nc7
16.f4 Qc6 17.Kh1 Qc5 18.Qd2 Rac8 19.b3 e6 20.f5 Qe5 21.Qh6 Qg7 22.Qh4 g5
23.Qf2 b6 24.f6 Qg6 25.Rcd1 Ne8 26.Qd4 h6 27.Rd3 Kh7 28.Qf2 Rc5 29.Kg1 Rdc8
30.Rd4 Re5 31.Qg3 Rc6 32.Rd2 Rec5 33.Qg4 a6 34.a4 Nc7 35.Qg3 Ne8 36.Qe3 b5
37.axb5 axb5 38.Nxb5  1-0

[Event "22nd Open"]
[Site "Bethune FRA"]
[Date "2001.12.27"]
[Round "3"]
[White "Degraeve,JM"]
[Black "Maitesian,S"]
[Result "1/2-1/2"]
[WhiteElo "2588"]
[BlackElo "2307"]

1.e4 c5 2.Nf3 d6 3.Bb5+ Bd7 4.Bxd7+ Qxd7 5.O-O Nc6 6.c3 d5 7.exd5 Qxd5 8.d4 e6
9.Be3 Rd8 10.Qe2 cxd4 11.Nxd4 Bc5 12.Nb5 Qe5 13.Nd2 Bxe3 14.Nf3 Bxf2+ 15.Qxf2 Qxb5
16.Nd4 Qh5 17.Nxe6 fxe6 18.Qf8+ Kd7 19.Rad1+ Kc8 20.Rxd8+ Nxd8 21.Qxg7 Nh6
22.Qxh8 Ng4 23.h3 Ne3 24.Re1 Qg5 25.Re2 Nxg2 26.Rxg2 Qc1+ 27.Kh2 Qf4+ 28.Kg1 Qc1+
29.Kf2 Qd2+ 30.Kf3 Qd5+  1/2-1/2

[Event "22nd Open"]
[Site "Bethune FRA"]
[Date "2001.12.30"]
[Round "7"]
[White "Shirazi,K"]
[Black "Mancini,M"]
[Result "1-0"]
[WhiteElo "2454"]
[BlackElo "2291"]

1.e4 c5 2.Nf3 d6 3.Bb5+ Bd7 4.c4 Nc6 5.O-O g6 6.d4 cxd4 7.Nxd4 Bg7 8.Bxc6 bxc6
9.Nc3 Nf6 10.c5 O-O 11.cxd6 exd6 12.h3 Re8 13.Re1 d5 14.e5 Ne4 15.Nf3 Bf5
16.Na4 c5 17.Bf4 Rc8 18.Nc3 Nxc3 19.bxc3 h6 20.Qd2 Kh7 21.Rad1 Be6 22.h4 Qa5
23.h5 g5 24.Qc2+ Kg8 25.Bxg5 d4 26.Bf6 Qxc3 27.Qe4 Bxf6 28.exf6 d3 29.Ne5 Qd4
30.Qf3 Qh4 31.Rxd3 c4 32.Qg3+ Qxg3 33.Rxg3+ Kh8 34.Rc3 Red8 35.a3 Rd4 36.g3 Rd2
37.Rec1 Ra2 38.Nxc4 Bxc4 39.Rxc4 Rxc4 40.Rxc4 Rxa3 41.Rc8+ Kh7 42.Rf8 a5
43.Rxf7+ Kh8 44.Kg2 Rb3 45.Ra7 Rb5 46.Ra8+  1-0

[Event "Rilton Cup"]
[Site "Stockholm SWE"]
[Date "2001.12.30"]
[Round "4"]
[White "Brynell,S"]
[Black "Villavicencio,A"]
[Result "1-0"]
[WhiteElo "2506"]
[BlackElo "2308"]

1.e4 c5 2.Nf3 d6 3.Bb5+ Bd7 4.Bxd7+ Qxd7 5.O-O Nc6 6.c3 Nf6 7.d4 Nxe4 8.d5 Ne5
9.Re1 Nf6 10.Nxe5 dxe5 11.Rxe5 e6 12.c4 O-O-O 13.Nc3 Bd6 14.Re1 exd5 15.Nxd5 Qf5
16.h3 Rhe8 17.Rxe8 Rxe8 18.Be3 Nxd5 19.cxd5 Qe5 20.g3 Qxb2 21.Rb1 Qxa2 22.Qg4+ Kd8
23.Rxb7 Re7 24.Bg5 f6 25.Bxf6 gxf6 26.Qg8+ Re8 27.Qf7 Qa4 28.Rxa7 Qb5 29.Qxf6+ Kc8
30.Qxd6 Re1+ 31.Kh2 Rh1+ 32.Kg2 Qf1+ 33.Kf3 Qd3+ 34.Kg4 Qe4+ 35.f4  1-0

[Event "It"]
[Site "Pamplona ESP"]
[Date "2002.01.01"]
[Round "5"]
[White "Leitao,R"]
[Black "Fressinet,L"]
[Result "1/2-1/2"]
[WhiteElo "2581"]
[BlackElo "2588"]

1.e4 c5 2.Nf3 d6 3.Bb5+ Bd7 4.Bxd7+ Qxd7 5.c4 Nf6 6.Nc3 Nc6 7.d4 cxd4 8.Nxd4 g6
9.f3 Bg7 10.Nde2 O-O 11.O-O Rfc8 12.Be3 Qd8 13.b3 a6 14.a4 Qa5 15.Qd2 Nd7
16.Rab1 Rab8 17.Kh1 Nc5 18.Rfd1 Qb4 19.Qc2 Qa5 20.Qd2 Qb4 21.Qc2 Qa5 22.Qd2  1/2-1/2

[Event "109th ch-NZL"]
[Site "Christchurch NZL"]
[Date "2002.01.03"]
[Round "6"]
[White "Litwak,P"]
[Black "Mc Laren,L"]
[Result "0-1"]
[WhiteElo "2050"]
[BlackElo "2277"]

1.e4 c5 2.Nf3 d6 3.Bb5+ Nd7 4.c4 a6 5.Ba4 Nf6 6.e5 dxe5 7.Nxe5 b5 8.Nxd7 Qxd7
9.Bc2 Bb7 10.f3 g6 11.Qe2 Bh6 12.Nc3 b4 13.Ba4 Bc6 14.Ne4 Nxe4 15.Qxe4 Rc8
16.Bxc6 Rxc6 17.O-O O-O 18.d4 Bxc1 19.d5 Bxb2 20.dxc6 Qd4+  0-1

[Event "Premier"]
[Site "Hastings ENG"]
[Date "2002.01.03"]
[Round "6"]
[White "Zhang Zhong"]
[Black "Gallagher,Jo"]
[Result "1/2-1/2"]
[WhiteElo "2657"]
[BlackElo "2511"]

1.e4 c5 2.Nf3 d6 3.Bb5+ Nd7 4.d4 Nf6 5.Nc3 cxd4 6.Qxd4 e5 7.Qd3 h6 8.Be3 Be7
9.Bc4 a6 10.a4 Qc7 11.O-O Nc5 12.Bxc5 Qxc5 13.Nd5 Be6 14.Rfd1 Bxd5 15.Bxd5 Nxd5
16.Qxd5 Qxd5 17.Rxd5 Rc8 18.c3 O-O 19.Ra3 Rc6 20.Kf1 g6 21.Ne1 f5 22.exf5 gxf5
23.Rb3 Rb8 24.Nd3 f4 25.g3 fxg3 26.hxg3 Rcc8 27.Rb4 Kf7 28.Re4 b5 29.axb5 Ke6
30.Nf4+ Kf7 31.Ne2 axb5 32.Rb4 Rc5 33.Rxc5 dxc5 34.Re4 Bf6 35.b3 h5 36.c4 Ke6
37.Nc3 bxc4 38.bxc4 Kf5 39.Re3 Bg5 40.Rf3+ Ke6 41.Ne4 Be7 42.Kg2 Rd8 43.Rc3 Rd4
44.f3 Kf5 45.Rc2 Bf8 46.Kf2 Be7 47.Ke2 Kg6 48.Ra2 Rxc4 49.Ra7 Bf8 50.Ra6+ Kg7
51.Re6 Rc2+ 52.Kd3 Ra2 53.Rxe5 Ra3+ 54.Ke2 Kg6 55.Re8 Kf7 56.Rc8 Be7 57.Rc7 Ke6
58.Nxc5+ Kd6 59.Rc8 h4 60.g4 h3 61.Ne4+ Ke5 62.Re8 Kf4 63.Rxe7 Re3+ 64.Kf1 Rxf3+
65.Kg1 Kxg4 66.Nf2+ Kg5 67.Rh7 Ra3 68.Nxh3+ Kg4 69.Nf2+ Kf4 70.Rh4+ Ke5 71.Re4+ Kd5
72.Re8 Rb3 73.Kg2 Ra3 74.Ng4 Kd4 75.Kf2 Ra7 76.Ke2 Ra2+ 77.Kf3 Ra7 78.Rd8+ Kc5
79.Ne3 Re7 80.Ke2 Kc6 81.Rd4 Rd7 82.Rc4+ Kd6 83.Ng4 Ke6 84.Kf3 Kd5 85.Re4 Rf7+
86.Ke3 Ra7 87.Rd4+ Ke6 88.Ke4 Ra5 89.Rc4 Kd6 90.Ne3 Re5+ 91.Kd4 Rh5  1/2-1/2

[Event "It"]
[Site "Reggio Emilia ITA"]
[Date "2002.01.04"]
[Round "5"]
[White "Djingarova,E"]
[Black "Cebalo,M"]
[Result "0-1"]
[WhiteElo "2256"]
[BlackElo "2492"]

1.e4 c5 2.Nf3 d6 3.Bb5+ Nd7 4.d4 Nf6 5.O-O cxd4 6.Qxd4 e5 7.Qd3 h6 8.c4 Be7
9.c5 Qc7 10.cxd6 Qxd6 11.Qxd6 Bxd6 12.Nc3 a6 13.Rd1 Bc7 14.Bc4 Nb6 15.Bb3 Be6
16.Be3 Bxb3 17.axb3 Nbd7 18.Nb5 Rc8 19.Nxc7+ Rxc7 20.Rac1 Rxc1 21.Rxc1 Kd8
22.Nd2 Re8 23.f3 Re6 24.b4 Ne8 25.Nb3 Rc6 26.Rxc6 bxc6 27.Nc5 Kc7 28.Kf2 Nd6
29.Ke2 h5 30.Kd3 g6 31.Bf2 f6 32.Nb3 Nf7 33.Nc5 Nxc5+ 34.bxc5 Nd8 35.Bh4 g5
36.Be1 Ne6 37.Kc4 h4 38.Ba5+ Kd7 39.Bd2 h3 40.gxh3 Nd4 41.Be3 Nxf3 42.Kb4 Nxh2
43.Ka5 Nf1 44.Bc1 Ng3 45.Kxa6 Nxe4 46.Kb6 f5 47.b4 f4 48.b5 cxb5 49.c6+ Kc8
50.Kxb5 f3  0-1

[Event "Keres Mem Rapid w"]
[Site "Tallinn EST"]
[Date "2002.01.05"]
[Round "3"]
[White "Berzina,I"]
[Black "Paasikangas,J"]
[Result "1-0"]
[WhiteElo "2239"]
[BlackElo "2300"]

1.e4 c5 2.Nf3 d6 3.Bb5+ Nd7 4.c3 a6 5.Ba4 b5 6.Bc2 g6 7.O-O Bg7 8.d4 Bb7
9.Nbd2 Rc8 10.dxc5 Nxc5 11.Re1 Qc7 12.Nf1 Nf6 13.Ng3 O-O 14.Bf4 e5 15.Bd2 Rfd8
16.Qe2 Re8 17.Rad1 Rcd8 18.b4 Ncd7 19.a4 bxa4 20.Bxa4 d5 21.Bb3 Nb6 22.exd5 Nbxd5
23.Ng5 Qc6 24.f3 h6 25.N5e4 Nf4 26.Qc4 Qxc4 27.Bxc4 Nxe4 28.Nxe4 Ne6 29.Be3 Bxe4
30.fxe4 Ra8 31.Ra1 Nc7 32.Bb6 Nb5 33.Rf1 Nd6 34.Bd5 Rac8 35.Bc5 Red8 36.Rxa6  1-0

[Event "8th Open"]
[Site "Bosnjaci CRO"]
[Date "2002.01.06"]
[Round "7"]
[White "Rogic,D"]
[Black "Brkic,A"]
[Result "1/2-1/2"]
[WhiteElo "2478"]
[BlackElo "2312"]

1.e4 c5 2.Nf3 d6 3.Bb5+ Bd7 4.Bxd7+ Qxd7 5.O-O Nc6 6.d3 g6 7.c3 Nf6 8.Nbd2 Bg7
9.a4 O-O 10.Re1 d5 11.Qe2 Ne8 12.Nb3 b6 13.d4 dxe4 14.Qxe4 Nd6 15.Qe2 cxd4
16.Nbxd4 Nxd4 17.Nxd4 Bxd4 18.cxd4  1/2-1/2

[Event "TCh-CZE 2001-2"]
[Site "CZE"]
[Date "2002.01.12"]
[Round "6"]
[White "Lipka,J"]
[Black "Babula,V"]
[Result "1/2-1/2"]
[WhiteElo "2414"]
[BlackElo "2551"]

1.e4 c5 2.Nf3 d6 3.Bb5+ Nc6 4.O-O Bd7 5.Re1 Nf6 6.c3 a6 7.Bf1 Bg4 8.d3 e6
9.Nbd2 d5 10.h3 Bh5 11.Qb3 Be7 12.exd5 Bxf3 13.Nxf3 Nxd5 14.Bd2 Qc7 15.c4 Nb6
16.Bc3 O-O 17.d4 cxd4 18.Nxd4 Rac8 19.Nf3  1/2-1/2

[Event "TCh-ISR"]
[Site "ISR"]
[Date "2002.01.12"]
[Round "1"]
[White "Pasman,M"]
[Black "Huzman,A"]
[Result "0-1"]
[WhiteElo "2310"]
[BlackElo "2580"]

1.e4 c5 2.Nf3 d6 3.Bb5+ Bd7 4.Bxd7+ Qxd7 5.O-O Nc6 6.c3 d5 7.exd5 Qxd5 8.d4 e6
9.c4 Qxc4 10.Na3 Qd5 11.Nb5 Rc8 12.Bf4 cxd4 13.Qa4 Nf6 14.Nc7+ Rxc7 15.Bxc7 Nd7
16.Rad1 Bc5 17.b4 Qc4 18.Rb1 Nb6 19.Bxb6 Bxb6 20.Rfc1 Qd5 21.b5 Ne7 22.Qb4 f6
23.a4 Qd8 24.Qa3 Kf7 25.a5 Bxa5 26.Nxd4 Qb6  0-1

[Event "TCh-AUT 2001-2"]
[Site "Graz AUT"]
[Date "2002.01.18"]
[Round "6"]
[White "Lehner,O"]
[Black "Berndt,S"]
[Result "1/2-1/2"]
[WhiteElo "2437"]
[BlackElo "2482"]

1.e4 c5 2.Nf3 d6 3.Bb5+ Bd7 4.Bxd7+ Qxd7 5.c4 Nc6 6.O-O g6 7.d4 cxd4 8.Nxd4 Bg7
9.Be3 Nf6 10.f3 O-O 11.Nc3 Rac8 12.Nde2 Qd8 13.Qd2 a6 14.Rac1 Qa5 15.b3 b5
16.Nd5 Qxd2 17.Bxd2 Nxd5 18.cxd5  1/2-1/2

[Event "4NCL"]
[Site "Birmingham ENG"]
[Date "2002.01.19"]
[Round "5"]
[White "Howell,D"]
[Black "Jones,G"]
[Result "1/2-1/2"]
[WhiteElo "2193"]
[BlackElo "2206"]

1.e4 c5 2.Nf3 d6 3.Bb5+ Bd7 4.Bxd7+ Qxd7 5.c4 Nc6 6.Nc3 Nf6 7.d4 cxd4 8.Nxd4 e6
9.O-O Be7 10.Be3 O-O 11.f3 Rfd8 12.Rc1 Ne5 13.b3 d5 14.cxd5 exd5 15.Nf5 Ba3
16.Rc2 dxe4 17.Qxd7 Rxd7 18.Bg5 Rc8 19.f4 Neg4 20.h3 Bc5+ 21.Kh1 Nf2+ 22.Kh2 e3
23.Bxf6 gxf6 24.Na4 b6 25.Nxe3 Nd3 26.Rd1 Rcd8 27.Nxc5 Nxc5 28.Rxd7 Rxd7
29.Kg3 h5 30.Kh4 Ne6 31.g3 Ng7 32.g4 Rd3 33.Rc8+ Kh7 34.Nf5 Ne6 35.gxh5 Rf3
36.Rc4 b5 37.Re4 Rxf4+ 38.Rxf4 Nxf4 39.Nd6 b4 40.Nb5 a6 41.Nd4 Nd3 42.Nc6 Kh6
43.Nb8 a5 44.Nc6 Nc1 45.Nxa5 Nxa2 46.Nc6 Nc1 47.Nd4 Nd3 48.Kg4 Ne5+ 49.Kf5 Kxh5
50.Kxf6 Nd7+ 51.Kxf7 Nc5 52.Kf6 Nxb3 53.Nxb3 Kh4  1/2-1/2

[Event "TCh-FIN 2001-02"]
[Site "FIN"]
[Date "2002.01.19"]
[Round "6"]
[White "Lehtioksa,J"]
[Black "Hartikainen,M"]
[Result "1/2-1/2"]
[WhiteElo "2173"]
[BlackElo "2295"]

1.e4 c5 2.Nf3 d6 3.Bb5+ Bd7 4.Qe2 a6 5.Bxd7+ Qxd7 6.O-O e6 7.c3 Nc6 8.d4 cxd4
9.cxd4 Nf6 10.Nc3 Be7 11.d5 Ne5 12.Nxe5 dxe5 13.dxe6 Qxe6 14.Bg5 O-O 15.Bxf6 Bxf6
16.Nd5 Rac8 17.Rac1 Bg5 18.Rxc8 Rxc8 19.Rd1 g6 20.g3 Kg7 21.Kg2 h5 22.h3 Qc6
23.Rd3 Qc1 24.Nc3 Rd8 25.Nd5 Rc8 26.Nc3 Rd8 27.Nd5 Rc8  1/2-1/2

[Event "TCh-AUT 2001-2"]
[Site "Graz AUT"]
[Date "2002.01.19"]
[Round "7"]
[White "Neumeier,K"]
[Black "Wittmann,W"]
[Result "1-0"]
[WhiteElo "2344"]
[BlackElo "2353"]

1.e4 c5 2.Nf3 d6 3.Bb5+ Bd7 4.Bxd7+ Qxd7 5.c4 Nc6 6.O-O g6 7.d4 cxd4 8.Nxd4 Bg7
9.Ne2 Nf6 10.Nbc3 O-O 11.f3 e6 12.Bg5 h6 13.Bh4 Rfd8 14.f4 Qc7 15.Kh1 Qb6
16.b3 Rd7 17.Qe1 Ne7 18.Rd1 Rad8 19.Rf3 a6 20.Rfd3 Qc7 21.a4 Kf8 22.Qg3 d5
23.cxd5 exd5 24.Bxf6 Bxf6 25.Nxd5 Nxd5 26.Rxd5 Rxd5 27.exd5 Qc2 28.Qd3 Qxd3
29.Rxd3 Re8 30.Ng1 Re1 31.g3 Ke7 32.Kg2 Rc1 33.Ne2 Rc2 34.Kf3 Kd6 35.g4 Rc5
36.Ng3 Rc8 37.Ne4+ Ke7 38.d6+ Ke6 39.d7 Rd8 40.Rd6+ Ke7 41.Rxf6  1-0

[Event "18th Open"]
[Site "Skopje MKD"]
[Date "2002.01.19"]
[Round "5"]
[White "Galego,L"]
[Black "Damljanovic,B"]
[Result "0-1"]
[WhiteElo "2521"]
[BlackElo "2545"]

1.e4 c5 2.Nf3 d6 3.Bb5+ Bd7 4.Bxd7+ Qxd7 5.O-O Nc6 6.b3 Nf6 7.Re1 e6 8.d4 cxd4
9.Nxd4 Be7 10.Bb2 O-O 11.c4 a6 12.Nc3 Rab8 13.Qd2 Rfd8 14.Rad1 Ne5 15.a4 Qc7
16.h3 Bf8 17.Qe3 Qb6 18.Ba3 Rbc8 19.Rd2 Qa5 20.Bb2 Nc6 21.Nc2 Nd7 22.Ba3 Qc7
23.Red1 Nc5 24.Ne2 Na5 25.Nc1 Ncxb3 26.Nxb3 Nxc4 27.Qg3 Nxd2 28.Rxd2 Qc4
29.Ncd4 Qxa4 30.Bb2 e5 31.Nf5 Qe8 32.Rd3 f6 33.Ba3 g6 34.Bxd6 Kh8 35.Bxf8 Qxf8
36.Rxd8 Qxd8 37.Ne3 Rc3 38.Qg4 Rxb3 39.Nd5 f5 40.Qd1 Rb5  0-1